000 00379nam a2200145Ia 4500
008 151213s9999 xx 000 0 und d
100 _aYep, Laurence
245 _aThe lost garden
_cYep, Laurence
260 _aNew York
_bMcGraw hill/ McMillan
_c1991
300 _a1759 p.
650 _a English Language
650 _aEnglish Language
700 _aYep, Laurence
999 _c1294
_d1294